Cretaceous Creatures - Sudden Death - Statistics

General Stats
  • This quiz has been taken 631 times
  • The average score is 10 of 15
Answers on the Grid
Answers color-coded by a green-red scale on the quiz's grid according to % correct below.
Allosaurus
Ankylosaurus
Archaeopteryx
Argentinosaurus
Brachiosaurus
Brontosaurus
Carcharodontosaurus
Compsognathus
Dilophosaurus
Dimorphodon
Giganotosaurus
Ichthyosaurus
Iguanadon
Kronosaurus
Liopleurodon
Megalodon
Megalosaurus
Mosasaurus
Pachycephalosaurus
Parasaurolophus
Plesiosaurus
Pteranodon
Pterodactylus
Quetzalcoatlus
Spinosaurus
Stegosaurus
T. Rex
Titanoboa
Triceratops
Velociraptor
 
Answer Stats
Answer % Correct
Argentinosaurus
79%
T. Rex
74%
Triceratops
73%
Ankylosaurus
70%
Carcharodontosaurus
67%
Giganotosaurus
67%
Mosasaurus
67%
Spinosaurus
67%
Velociraptor
65%
Pachycephalosaurus
64%
Parasaurolophus
64%
Iguanadon
62%
Quetzalcoatlus
61%
Pteranodon
59%
Kronosaurus
56%
No matching quizzes found
Score Distribution
Percent of People with Each Score
Percentile by Number Answered
Your Score History
You have not taken this quiz